McGraw-Hill encyclopedia of science technology. Vol.12

Đã lưu trong:
书目详细资料
格式: 图书
语言:Undetermined
出版: New York McGraw-Hill 1960
主题:
标签: 添加标签
没有标签, 成为第一个标记此记录!
Thư viện lưu trữ: Trung tâm Học liệu Trường Đại học Cần Thơ
LEADER 00445nam a2200157Ia 4500
001 CTU_26175
008 210402s9999 xx 000 0 und d
082 |a 503 
082 |b M113/Vol.12 
245 0 |a McGraw-Hill encyclopedia of science technology. Vol.12 
260 |a New York 
260 |b McGraw-Hill 
260 |c 1960 
650 |a science - dictionaries 
904 |i Minh, 981010 
980 |a Trung tâm Học liệu Trường Đại học Cần Thơ